| 000 | 01643nab a2200217 i 4500 | ||
|---|---|---|---|
| 001 | 768714001 | ||
| 003 | CO-MdFUSB | ||
| 005 | 20240509171417.0 | ||
| 008 | 240509t1969 sp ||||| |||| 00| 0 spa d | ||
| 040 |
_bspa _cCO-MdFUSB _dCO-MdFUSB |
||
| 041 | _aspa | ||
| 100 |
_aSalman, Dominique Henri, _eautor |
||
| 245 | 3 |
_aLas drogas psicodélicas y la experiencia religiosa _c/ Dominique Henri Salman |
|
| 520 | _aEl uso de las drogas con fines religiosos está atestiguado por la historia de las religiones y por la etnología. No es, pues, de admirar el que ciertos grupos contemporáneos sugieran el recurso a los productos psicomiméticos o psicodélicos para provocar experiencias «religiosas>> que de otro modo se sienten incapaces de conseguir. Trataremos de evaluar el uso religioso que de ellas podría hacer un individuo de nuestro tiempo, en una situación personal y psicosocial muy diferente de las que imperaban en las culturas tradicionales y precientíficas de antaño. Para entender estos fenómenos es indispensable establecer diferentes niveles en el análisis. Aquí tendremos en cuenta cuatro que son suficientes para nuestro intento: 1) el de la psicofisiología, 2) el de la personalidad individual, 3) el de la personalidad social y 4) el de la personalidad religiosa. | ||
| 650 | 0 |
_aVida espiritual _951 |
|
| 650 | 7 |
_aReligión _9385 |
|
| 653 | _aDrogas psicodélicas | ||
| 773 | 0 |
_049450 _982612 _oR2539 _tRevista internacional de teología Concilium _w(CO-MdFUSB)8 _x0210-1041 _gNúmero 49, (noviembre, 1969), páginas: 433 - 439 _qpágina: 433 |
|
| 942 | _cANA | ||
| 945 | _aCatherine Arias Alvarez - Practicante SENA | ||
| 999 |
_c69651 _d69651 |
||